Small business management and entrepreneurship

Đã lưu trong:
书目详细资料
主要作者: Stokes, David
格式: 图书
语言:Undetermined
出版: London, UK. Thomson Learning 2006
主题:
标签: 添加标签
没有标签, 成为第一个标记此记录!
Thư viện lưu trữ: Trung tâm Học liệu Trường Đại học Cần Thơ
LEADER 00669nam a2200205Ia 4500
001 CTU_129091
008 210402s9999 xx 000 0 und d
020 |c 1021000 
082 |a 658.022 
082 |b S864 
100 |a Stokes, David 
245 0 |a Small business management and entrepreneurship 
245 0 |c David Stokes and Nicholas Wilson 
260 |a London, UK. 
260 |b Thomson Learning 
260 |c 2006 
650 |a Small business,New business enterprises,Doanh nghiệp nhỏ,Doanh nghiệp mới 
650 |x Management.,Management.,Quản trị,Quản trị 
904 |i Minh 
980 |a Trung tâm Học liệu Trường Đại học Cần Thơ